00537nam a2200193Ia 450000500170000000800410001702000210005804000190007904100120009808200130011010000150012324500810013826000440021930000110026350400190027465000190029365100210031285000100033320240510094621.0131103s9999 xx 000 0 und d a195602072cRs.46 aLoreto College aEnglish a428bHOW aHowe, D.H. aGuided english for india book 4b a course for secondary schools cD.H. Howe aCalcuttabOxford university pressc1971 a255p.  aIncludes index aEnglish reader aEnglish language aLCBED